[Event "Benidorm 2011 - 10. Torneo sub-2000"]
[Site "Benidorm ESP"]
[Date "2011.12.06"]
[Round "6.12"]
[White "Gonzalez Pabollet, Jesus Maria"]
[Black "Garcia Serrano, Jose Manuel"]
[Result "1-0"]
[WhiteElo "1950"]
[BlackElo "1883"]
[PlyCount "58"]
[EventDate "2011.12.02"]
[EventType "swiss"]
[EventRounds "10"]
[EventCountry "ESP"]
[Source "lmi"]
[SourceDate "2011.12.02"]

1. e4 e5 2. Nf3 Nc6 3. Bb5 a6 4. Ba4 Nf6 5. O-O Be7 6. Re1 b5 7. Bb3 O-O 8. c3
d5 9. d3 Be6 10. Bg5 h6 11. Bh4 g5 12. Bg3 dxe4 13. dxe4 Bxb3 14. Qxb3 Bc5 15.
Rd1 Qe7 16. Nbd2 Rfd8 17. a4 b4 18. Qc4 bxc3 19. bxc3 Na5 20. Qe2 Bd6 21. Rdb1
Nh5 22. Nf1 Nf4 23. Qa2 Bc5 24. Rd1 Qf6 25. Kh1 Kh7 26. Ne3 Bxe3 27. fxe3 Nd3
28. Rxd3 Rxd3 29. Bxe5 Qe7 1-0

[Event "Benidorm 2011 - 10. Torneo sub-2000"]
[Site "Benidorm ESP"]
[Date "2011.12.06"]
[Round "6.13"]
[White "Voet, Dirk"]
[Black "Muratet Casadevall, Elias"]
[Result "1-0"]
[WhiteElo "1846"]
[BlackElo "1923"]
[PlyCount "43"]
[EventDate "2011.12.02"]
[EventType "swiss"]
[EventRounds "10"]
[EventCountry "ESP"]
[Source "lmi"]
[SourceDate "2011.12.02"]

1. e4 d6 2. f4 g6 3. Bc4 Nf6 4. e5 dxe5 5. fxe5 Nd5 6. Nf3 Bg7 7. O-O O-O 8. d4
Nc6 9. c3 Bg4 10. Qe1 Bxf3 11. Rxf3 e6 12. Nd2 Nce7 13. Ne4 Nf5 14. Bg5 Qd7 15.
g4 Nfe7 16. Qh4 f5 17. exf6 Nc6 18. Raf1 Nxf6 19. Bxf6 Rae8 20. g5 Re7 21. Bxg7
Rxf3 22. Rxf3 1-0

[Event "Benidorm 2011 - 10. Torneo sub-2000"]
[Site "Benidorm ESP"]
[Date "2011.12.06"]
[Round "6.14"]
[White "Trabazos Gallego, Javier"]
[Black "Romero Calduch, Sergio"]
[Result "1/2-1/2"]
[WhiteElo "1922"]
[BlackElo "1889"]
[PlyCount "71"]
[EventDate "2011.12.02"]
[EventType "swiss"]
[EventRounds "10"]
[EventCountry "ESP"]
[Source "lmi"]
[SourceDate "2011.12.02"]

1. d4 Nf6 2. Bf4 g6 3. Nd2 Bg7 4. e4 d6 5. Ngf3 O-O 6. Be2 c5 7. c3 b6 8. O-O
cxd4 9. cxd4 Bb7 10. e5 dxe5 11. dxe5 Ne4 12. Nxe4 Bxe4 13. Qxd8 Rxd8 14. Rad1
Nc6 15. Rxd8+ Rxd8 16. Rd1 Rxd1+ 17. Bxd1 Bxf3 18. Bxf3 Nxe5 19. Bxe5 Bxe5 20.
b3 f5 21. Kf1 Kf7 22. h3 Kf6 23. Ke2 Bd4 24. Bc6 e5 25. Bd5 e4 26. a4 Ke5 27.
Bg8 h5 28. Bf7 Kf6 29. Bd5 h4 30. Bc6 g5 31. f3 e3 32. Bb7 Ke5 33. Ba6 Kf4 34.
Bb5 Kg3 35. Kf1 f4 36. Be2 1/2-1/2

[Event "Benidorm 2011 - 10. Torneo sub-2000"]
[Site "Benidorm ESP"]
[Date "2011.12.06"]
[Round "6.15"]
[White "Ramon Gualberto, Arturo"]
[Black "Pastor Villalba, Arturo"]
[Result "1/2-1/2"]
[WhiteElo "1919"]
[BlackElo "1817"]
[PlyCount "110"]
[EventDate "2011.12.02"]
[EventType "swiss"]
[EventRounds "10"]
[EventCountry "ESP"]
[Source "lmi"]
[SourceDate "2011.12.02"]

1. e4 e6 2. d3 c5 3. Nf3 Nc6 4. g3 Qc7 5. Bg2 Nf6 6. O-O Be7 7. Re1 d5 8. Nbd2
O-O 9. e5 Nd7 10. Qe2 f6 11. exf6 Nxf6 12. c4 Bd7 13. Nb3 Rae8 14. d4 Nxd4 15.
Nbxd4 cxd4 16. Bf4 Qxc4 17. Qxc4 dxc4 18. Nxd4 Bb4 19. Rec1 b5 20. Nc6 Bxc6 21.
Bxc6 Rc8 22. Bxb5 c3 23. bxc3 Bxc3 24. Rab1 Bd4 25. Kg2 Rfd8 26. Rxc8 Rxc8 27.
Rc1 Rxc1 28. Bxc1 Ng4 29. f4 Kf7 30. h3 Ne3+ 31. Kf3 Nd5 32. Bd2 Nc3 33. Bc4
Kf6 34. g4 h6 35. h4 h5 36. g5+ Ke7 37. a3 e5 38. fxe5 Bxe5 39. Be3 Bd6 40.
Bxa7 Nb1 41. Be3 Bxa3 42. Bd3 Nc3 43. Bg6 Nd5 44. Bd4 Kf8 45. Bxh5 Ne7 46. Bg4
Nc6 47. Bc3 Bd6 48. Ke4 g6 49. h5 gxh5 50. Bxh5 Ne7 51. Bf6 Ba3 52. Ke5 Ng8 53.
Bd8 Bb2+ 54. Ke6 Kg7 55. Bf7 Bc3 1/2-1/2

[Event "Benidorm 2011 - 10. Torneo sub-2000"]
[Site "Benidorm ESP"]
[Date "2011.12.06"]
[Round "6.16"]
[White "Diaz Begonte, Manuel"]
[Black "Fernandez Aguilar, Francisco"]
[Result "0-1"]
[WhiteElo "1744"]
[BlackElo "1917"]
[PlyCount "67"]
[EventDate "2011.12.02"]
[EventType "swiss"]
[EventRounds "10"]
[EventCountry "ESP"]
[Source "lmi"]
[SourceDate "2011.12.02"]

1. e4 e5 2. d4 exd4 3. f4 Bb4+ 4. Bd2 Qh4+ 5. g3 Qe7 6. Bd3 Nf6 7. Qe2 Nc6 8.
a3 Bc5 9. b4 Bb6 10. Nf3 d5 11. e5 Ne4 12. b5 Nd8 13. Bb4 Bc5 14. Bxc5 Nxc5 15.
Nxd4 Nde6 16. Nxe6 Nxd3+ 17. cxd3 Qxe6 18. d4 Qb6 19. Qb2 a6 20. a4 axb5 21.
O-O b4 22. Nd2 O-O 23. Nb3 Qg6 24. Qf2 Bf5 25. Qe3 Bc2 26. Rfc1 Rfc8 27. Ra2
Qd3 28. Qxd3 Bxd3 29. Nc5 Bc4 30. Rb2 b6 31. Rxb4 bxc5 32. dxc5 Rcb8 33. Rcb1
Rxb4 34. Rxb4 0-1

[Event "Benidorm 2011 - 10. Torneo sub-2000"]
[Site "Benidorm ESP"]
[Date "2011.12.06"]
[Round "6.18"]
[White "Hall, Rachid"]
[Black "Rodriguez Gonzalez, Miguel Ange"]
[Result "1-0"]
[WhiteElo "1998"]
[BlackElo "1793"]
[PlyCount "60"]
[EventDate "2011.12.02"]
[EventType "swiss"]
[EventRounds "10"]
[EventCountry "ESP"]
[Source "lmi"]
[SourceDate "2011.12.02"]

1. Nf3 c5 2. e4 Nc6 3. Bc4 e6 4. d4 cxd4 5. Nxd4 Ne5 6. Bb3 Bc5 7. Nc3 Qf6 8.
Be3 Ng4 9. Qxg4 Bxd4 10. e5 Bxc3+ 11. bxc3 Qxe5 12. O-O Nf6 13. Qxg7 Rg8 14.
Bd4 Rxg7 15. Bxe5 Rg6 16. f3 b6 17. a4 Bb7 18. Bc4 Rc8 19. Bd3 Rh6 20. c4 Ke7
21. a5 Rh5 22. Bxf6+ Kxf6 23. axb6 axb6 24. Rfb1 Rg5 25. Kf2 Rcg8 26. g3 h5 27.
Rxb6 Bc6 28. f4 R5g7 29. Be2 h4 30. g4 Be4 1-0

[Event "Benidorm 2011 - 10. Torneo sub-2000"]
[Site "Benidorm ESP"]
[Date "2011.12.06"]
[Round "6.19"]
[White "Sanz Rodero, Mikel"]
[Black "Lopez Heras, Arturo"]
[Result "1-0"]
[WhiteElo "1994"]
[BlackElo "1904"]
[PlyCount "21"]
[EventDate "2011.12.02"]
[EventType "swiss"]
[EventRounds "10"]
[EventCountry "ESP"]
[Source "lmi"]
[SourceDate "2011.12.02"]

1. e4 e5 2. Nf3 Nc6 3. Nc3 Nf6 4. d4 exd4 5. Nxd4 d6 6. Nxc6 bxc6 7. Bd3 Be7 8.
O-O O-O 9. Bg5 Nxe4 10. Bxe7 Nxc3 11. Bxh7+ 1-0

[Event "Benidorm 2011 - 10. Torneo sub-2000"]
[Site "Benidorm ESP"]
[Date "2011.12.06"]
[Round "6.20"]
[White "Sacristan Latorre, Alberto"]
[Black "Rubio Mancebon, Pedro Jose"]
[Result "1/2-1/2"]
[WhiteElo "1990"]
[BlackElo "2024"]
[PlyCount "60"]
[EventDate "2011.12.02"]
[EventType "swiss"]
[EventRounds "10"]
[EventCountry "ESP"]
[Source "lmi"]
[SourceDate "2011.12.02"]

1. e4 c6 2. d4 d5 3. Nc3 dxe4 4. Nxe4 Bf5 5. Ng3 Bg6 6. h4 h6 7. h5 Bh7 8. Nf3
Nd7 9. Bd3 Bxd3 10. Qxd3 e6 11. Bd2 Qc7 12. O-O-O Ngf6 13. Ne4 O-O-O 14. Kb1
Nc5 15. Nxc5 Bxc5 16. c3 Bd6 17. Qe2 c5 18. c4 Kb8 19. Bc3 Ka8 20. b3 cxd4 21.
Nxd4 a6 22. Bb2 Bc5 23. f3 Rd7 24. g4 Rhd8 25. Nc2 Ne8 26. Rhe1 Qb6 27. Bc3 Be7
28. Rxd7 Rxd7 29. Rd1 Qd8 30. Rxd7 Qxd7 1/2-1/2

[Event "Benidorm 2011 - 10. Torneo sub-2000"]
[Site "Benidorm ESP"]
[Date "2011.12.06"]
[Round "6.22"]
[White "Penarrubia Blasco, Jose Alfredo"]
[Black "Diez Jover, Alberto"]
[Result "1-0"]
[WhiteElo "1990"]
[BlackElo "1866"]
[PlyCount "43"]
[EventDate "2011.12.02"]
[EventType "swiss"]
[EventRounds "10"]
[EventCountry "ESP"]
[Source "lmi"]
[SourceDate "2011.12.02"]

1. e4 d5 2. exd5 Nf6 3. Nc3 Nxd5 4. d4 Nxc3 5. bxc3 g6 6. Nf3 Bg7 7. Ba3 b6 8.
Bc4 Bb7 9. O-O O-O 10. Re1 Re8 11. Ne5 e6 12. Qg4 Qf6 13. Re3 Qf5 14. Qg3 Qxc2
15. Nxf7 Bxd4 16. Bb3 Qd2 17. cxd4 Qa5 18. Ng5 Na6 19. Qh4 h5 20. Nxe6 Qxa3 21.
Qf6 Qe7 22. Nxc7+ 1-0

[Event "Benidorm 2011 - 10. Torneo sub-2000"]
[Site "Benidorm ESP"]
[Date "2011.12.07"]
[Round "7.1"]
[White "Bru Rullo, Llatzer"]
[Black "Elmas, Mustafa"]
[Result "1-0"]
[WhiteElo "1985"]
[BlackElo "1887"]
[PlyCount "63"]
[EventDate "2011.12.02"]
[EventType "swiss"]
[EventRounds "10"]
[EventCountry "ESP"]
[Source "lmi"]
[SourceDate "2011.12.02"]

1. e4 c5 2. Nf3 Nc6 3. d4 cxd4 4. Nxd4 e6 5. Nc3 a6 6. g3 Nf6 7. Bg2 e5 8. Nde2
d6 9. O-O Be7 10. h3 h6 11. Be3 b5 12. f4 O-O 13. Nd5 Rb8 14. Qd2 Be6 15. Rad1
Bxd5 16. exd5 Na5 17. b3 Nd7 18. fxe5 Nxe5 19. Nd4 Rc8 20. Nf5 Nb7 21. Rde1 Bg5
22. Bxg5 hxg5 23. Nd4 Qb6 24. Kh1 Qc5 25. Nf5 Ng6 26. Qxg5 Qxc2 27. h4 Rce8 28.
h5 Rxe1 29. Rxe1 Qc3 30. Rf1 Re8 31. hxg6 f6 32. Qh5 1-0

[Event "Benidorm 2011 - 10. Torneo sub-2000"]
[Site "Benidorm ESP"]
[Date "2011.12.07"]
[Round "7.3"]
[White "Chaikhiev Chaikhieva, Miguel A"]
[Black "Oualili, Abdelali"]
[Result "1-0"]
[WhiteElo "1663"]
[BlackElo "1894"]
[PlyCount "93"]
[EventDate "2011.12.02"]
[EventType "swiss"]
[EventRounds "10"]
[EventCountry "ESP"]
[Source "lmi"]
[SourceDate "2011.12.02"]

1. d4 Nf6 2. c4 g6 3. Nc3 Bg7 4. e4 d6 5. f3 Nc6 6. Be3 e5 7. d5 Ne7 8. Bd3 c6
9. Nge2 cxd5 10. cxd5 Bd7 11. O-O O-O 12. b4 Nh5 13. Qb3 f5 14. a4 f4 15. Bf2
g5 16. h3 Rf6 17. Rac1 Rh6 18. Bb5 Bxh3 19. gxh3 Ng6 20. Kg2 Nf6 21. Rh1 Nh4+
22. Bxh4 gxh4 23. a5 Rg6+ 24. Kf2 Nh5 25. Rhg1 Ng3 26. Rg2 Qc8 27. Ng1 Nh1+ 28.
Kf1 Ng3+ 29. Ke1 Qd8 30. Rcc2 h6 31. a6 bxa6 32. Bxa6 Rb8 33. Na4 Qe8 34. b5
Kh7 35. Qc3 Rd8 36. Qc6 Qf7 37. Bc8 Rf8 38. Be6 Qf6 39. Qxd6 Nxe4 40. Qb4 Ng3
41. Rc6 Qg5 42. Nc3 e4 43. Nxe4 Qe5 44. Ne2 Nxe4 45. Rxg6 Ng3 46. Rxg7+ Qxg7
47. Qc3 1-0

[Event "Benidorm 2011 - 10. Torneo sub-2000"]
[Site "Benidorm ESP"]
[Date "2011.12.07"]
[Round "7.4"]
[White "Arroyo Rodriguez, Jesus"]
[Black "Gonzalez Pabollet, Jesus Maria"]
[Result "0-1"]
[WhiteElo "1980"]
[BlackElo "1950"]
[PlyCount "64"]
[EventDate "2011.12.02"]
[EventType "swiss"]
[EventRounds "10"]
[EventCountry "ESP"]
[Source "lmi"]
[SourceDate "2011.12.02"]

1. e4 c5 2. Nf3 Nc6 3. d4 cxd4 4. Nxd4 Nf6 5. Nc3 e6 6. g4 Bb4 7. Nxc6 dxc6 8.
Bd3 h5 9. g5 Ng4 10. h3 Ne5 11. f4 Nxd3+ 12. cxd3 Qd4 13. Qc2 e5 14. Bd2 exf4
15. Ne2 Qe3 16. Bxb4 f3 17. Bc5 Qxe2+ 18. Qxe2 fxe2 19. Kxe2 Be6 20. Bd4 O-O
21. a3 Rfd8 22. Bc3 c5 23. Rag1 Rd7 24. Rg3 Rad8 25. Rf1 Bb3 26. g6 f6 27. Rf5
Bc2 28. Rxc5 Bxd3+ 29. Ke3 Re8 30. e5 b6 31. Rc6 Bb5 32. e6 Bxc6 0-1

[Event "Benidorm 2011 - 10. Torneo sub-2000"]
[Site "Benidorm ESP"]
[Date "2011.12.07"]
[Round "7.5"]
[White "Fernandez Aguilar, Francisco"]
[Black "Salido Polo, Veronica"]
[Result "1/2-1/2"]
[WhiteElo "1917"]
[BlackElo "1964"]
[PlyCount "57"]
[EventDate "2011.12.02"]
[EventType "swiss"]
[EventRounds "10"]
[EventCountry "ESP"]
[Source "lmi"]
[SourceDate "2011.12.02"]

1. e4 c5 2. Nc3 Nc6 3. Bb5 Nf6 4. Bxc6 dxc6 5. d3 e5 6. f4 exf4 7. Bxf4 g6 8.
Nf3 Bg7 9. O-O O-O 10. Qe1 Re8 11. Ne5 Qd4+ 12. Qf2 Qxf2+ 13. Rxf2 Nh5 14. Nc4
Nxf4 15. Rxf4 Be6 16. Ne3 Bh6 17. Rf3 b5 18. h3 Bg7 19. Ng4 Bd4+ 20. Kh2 Kg7
21. Raf1 f5 22. Ne3 f4 23. Ned1 g5 24. Ne2 Be5 25. g3 g4 26. hxg4 Bxg4 27. gxf4
Bxf3 28. Rxf3 Bc7 29. Ne3 1/2-1/2

[Event "Benidorm 2011 - 10. Torneo sub-2000"]
[Site "Benidorm ESP"]
[Date "2011.12.07"]
[Round "7.6"]
[White "Perez Garcia, Juan Angel"]
[Black "Voet, Dirk"]
[Result "1-0"]
[WhiteElo "1959"]
[BlackElo "1846"]
[PlyCount "75"]
[EventDate "2011.12.02"]
[EventType "swiss"]
[EventRounds "10"]
[EventCountry "ESP"]
[Source "lmi"]
[SourceDate "2011.12.02"]

1. e4 g6 2. d4 Bg7 3. Nc3 d6 4. f4 e6 5. Nf3 a6 6. Bd3 b5 7. O-O Bb7 8. Be3 Nd7
9. f5 Ngf6 10. fxe6 fxe6 11. Ng5 Qe7 12. Qe2 b4 13. Nd1 O-O 14. Nf2 c6 15. Bd2
a5 16. a3 Ne8 17. e5 dxe5 18. Nxe6 Rf7 19. Nxg7 Kxg7 20. Bc4 Rf8 21. axb4 axb4
22. Rae1 Nef6 23. Bd3 e4 24. Nxe4 Nxe4 25. Bxe4 Rxf1+ 26. Qxf1 Qd6 27. Qc4 Nf6
28. Bxb4 Qf4 29. Bf3 Ba6 30. Qc5 Kh6 31. Qe5 Qxe5 32. dxe5 Nd5 33. Bd2+ Kg7 34.
b3 Kf7 35. c4 Ne7 36. Bb4 Bb7 37. Rd1 Ke6 38. Rd6+ 1-0

[Event "Benidorm 2011 - 10. Torneo sub-2000"]
[Site "Benidorm ESP"]
[Date "2011.12.07"]
[Round "7.8"]
[White "Baeza Garcia, Agustin"]
[Black "Hall, Rachid"]
[Result "0-1"]
[WhiteElo "1922"]
[BlackElo "1998"]
[PlyCount "88"]
[EventDate "2011.12.02"]
[EventType "swiss"]
[EventRounds "10"]
[EventCountry "ESP"]
[Source "lmi"]
[SourceDate "2011.12.02"]

1. d4 Nf6 2. Nf3 g6 3. Nc3 d5 4. Bf4 a6 5. e3 Bg7 6. Be2 Nh5 7. Bg5 Nf6 8. Ne5
Ne4 9. Bf4 O-O 10. h4 Nxc3 11. bxc3 c5 12. Bf3 Nc6 13. Nd3 b6 14. h5 a5 15.
hxg6 hxg6 16. Bh6 c4 17. Nf4 Bxh6 18. Rxh6 Kg7 19. Rh2 e6 20. Kd2 Rh8 21. Qh1
Bd7 22. Rxh8 Qxh8 23. Qxh8+ Rxh8 24. e4 dxe4 25. Bxe4 Ne7 26. g3 a4 27. Rb1 b5
28. Rh1 Rd8 29. Ke3 f5 30. Bf3 g5 31. Ne2 Ng6 32. Rh5 Kf6 33. Bg2 Be8 34. Rh7
Bf7 35. Bc6 Rb8 36. Ng1 Ne7 37. Bg2 Bg6 38. Rh2 b4 39. cxb4 Rxb4 40. Nf3 Rb2
41. Ne5 Rxc2 42. Bf1 Nd5+ 43. Kf3 g4+ 44. Kg2 Kg7 0-1

[Event "Benidorm 2011 - 10. Torneo sub-2000"]
[Site "Benidorm ESP"]
[Date "2011.12.07"]
[Round "7.9"]
[White "Alfven, Jorgen"]
[Black "Sanz Rodero, Mikel"]
[Result "0-1"]
[WhiteElo "1896"]
[BlackElo "1994"]
[PlyCount "59"]
[EventDate "2011.12.02"]
[EventType "swiss"]
[EventRounds "10"]
[EventCountry "ESP"]
[Source "lmi"]
[SourceDate "2011.12.02"]

1. d4 Nf6 2. c4 e6 3. Nc3 Bb4 4. Qc2 Nc6 5. Nf3 d6 6. a3 Bxc3+ 7. Qxc3 a5 8. b3
Qe7 9. Qc2 e5 10. dxe5 dxe5 11. Bb2 Bg4 12. e3 O-O 13. h3 Bh5 14. Nh4 Nd7 15.
Nf5 Qe6 16. g4 Bg6 17. Bg2 Nc5 18. Bd5 Bxf5 19. gxf5 Qh6 20. Rg1 Rad8 21. O-O-O
Nd4 22. Rxd4 exd4 23. Bxd4 c6 24. Bxc5 cxd5 25. Bxf8 Kxf8 26. cxd5 Qf6 27. Qc5+
Kg8 28. Qxa5 h6 29. Re1 b6 30. Qb4 0-1

[Event "Benidorm 2011 - 10. Torneo sub-2000"]
[Site "Benidorm ESP"]
[Date "2011.12.07"]
[Round "7.10"]
[White "Marti Blanes, Jose Manuel"]
[Black "Penarrubia Blasco, Jose Alfredo"]
[Result "1-0"]
[WhiteElo "1921"]
[BlackElo "1990"]
[PlyCount "122"]
[EventDate "2011.12.02"]
[EventType "swiss"]
[EventRounds "10"]
[EventCountry "ESP"]
[Source "lmi"]
[SourceDate "2011.12.02"]

1. d4 Nf6 2. c4 e6 3. Nc3 d5 4. cxd5 exd5 5. Bg5 Be7 6. e3 Nc6 7. Bd3 O-O 8.
Bxf6 Bxf6 9. Qh5 h6 10. Nxd5 Bg5 11. Nc3 Re8 12. Nge2 Nxd4 13. exd4 Qxd4 14.
Qf3 Bg4 15. Qg3 Bf4 16. Qxg4 Bd2+ 17. Kxd2 Qxg4 18. Kc2 Rad8 19. Rhg1 Rd6 20.
Rad1 a6 21. f3 Qh4 22. Ne4 Rc6+ 23. Kb1 Qe7 24. N2c3 Kf8 25. Rge1 Qb4 26. Nd5
Qa5 27. Bc2 f5 28. Nec3 Qc5 29. Rxe8+ Kxe8 30. Bxf5 Rd6 31. Ne4 Rxd5 32. Nxc5
Rxd1+ 33. Kc2 Re1 34. Bh3 Re5 35. Ne6 Re2+ 36. Kc3 c6 37. Nxg7+ Kf7 38. Nf5 Kg6
39. Ng3 Re3+ 40. Kd2 Re5 41. Bf5+ Kf6 42. Be4 a5 43. Nf5 h5 44. Ne3 a4 45. h4
Re8 46. Nc2 Rb8 47. Ne1 c5 48. Ke3 b5 49. Kf4 c4 50. Bc6 b4 51. Bxa4 Ra8 52. b3
c3 53. Nc2 Rd8 54. Bc6 Rd2 55. Be4 Rxg2 56. Nxb4 Rh2 57. Kg3 Rd2 58. a4 Rd4 59.
Nc2 Rd7 60. a5 Ke5 61. a6 Rg7+ 1-0

[Event "Benidorm 2011 - 10. Torneo sub-2000"]
[Site "Benidorm ESP"]
[Date "2011.12.07"]
[Round "7.11"]
[White "Moya Mallafre, Erik"]
[Black "Ferrandiz Iserte, Albert"]
[Result "1-0"]
[WhiteElo "1989"]
[BlackElo "1946"]
[PlyCount "43"]
[EventDate "2011.12.02"]
[EventType "swiss"]
[EventRounds "10"]
[EventCountry "ESP"]
[Source "lmi"]
[SourceDate "2011.12.02"]

1. Nf3 f5 2. d3 Nc6 3. e4 e5 4. c4 Nf6 5. Nc3 d6 6. Be2 g6 7. Bg5 Bg7 8. O-O
O-O 9. a3 a5 10. Qc2 h6 11. Bd2 f4 12. Nb5 g5 13. h3 Qe7 14. b4 axb4 15. axb4
Be6 16. d4 Rxa1 17. Rxa1 Nxe4 18. Nxc7 Nxd2 19. Nxe6 Nxf3+ 20. Bxf3 Qxe6 21.
Bd5 Qxd5 22. cxd5 1-0

[Event "Benidorm 2011 - 10. Torneo sub-2000"]
[Site "Benidorm ESP"]
[Date "2011.12.07"]
[Round "7.12"]
[White "Amoros Moran, Jose Joaquin"]
[Black "Trabazos Gallego, Javier"]
[Result "0-1"]
[WhiteElo "1984"]
[BlackElo "1922"]
[PlyCount "40"]
[EventDate "2011.12.02"]
[EventType "swiss"]
[EventRounds "10"]
[EventCountry "ESP"]
[Source "lmi"]
[SourceDate "2011.12.02"]

1. e4 d5 2. exd5 Nf6 3. d4 Nxd5 4. Nf3 Bf5 5. a3 e6 6. c4 Nf6 7. Qb3 b6 8. Be3
Be7 9. Be2 Nbd7 10. O-O Ng4 11. Bf4 h5 12. h3 g5 13. hxg4 hxg4 14. Be5 gxf3 15.
Bxf3 Nxe5 16. dxe5 Qd4 17. Qb5+ Kf8 18. g3 Be4 19. Nd2 Bxf3 20. Nxf3 Qe4 0-1

[Event "Benidorm 2011 - 10. Torneo sub-2000"]
[Site "Benidorm ESP"]
[Date "2011.12.07"]
[Round "7.13"]
[White "Ruiz De Alegria Garcia, Carlos"]
[Black "Cartagena Sanchez, Javier"]
[Result "0-1"]
[WhiteElo "1893"]
[BlackElo "1982"]
[PlyCount "104"]
[EventDate "2011.12.02"]
[EventType "swiss"]
[EventRounds "10"]
[EventCountry "ESP"]
[Source "lmi"]
[SourceDate "2011.12.02"]

1. d4 Nf6 2. c4 g6 3. Nc3 Bg7 4. e4 d6 5. g3 O-O 6. Bg2 e5 7. Nge2 Nc6 8. d5
Na5 9. Qd3 b6 10. O-O Nb7 11. h3 Nc5 12. Qc2 a5 13. b3 Rb8 14. Be3 Nfd7 15. a3
f5 16. b4 Na6 17. Rab1 Nf6 18. Kh2 f4 19. gxf4 Nh5 20. fxe5 Bxe5+ 21. f4 Nxf4
22. Bxf4 Rxf4 23. Nxf4 Qh4 24. Qf2 Qxf2 25. Rxf2 axb4 26. axb4 Bxc3 27. Nd3 b5
28. Rc2 Bd4 29. c5 dxc5 30. bxc5 b4 31. Rb3 Rb5 32. c6 Nc5 33. Rxb4 Rxb4 34.
Nxb4 Be5+ 35. Kg1 Bd6 36. Ra2 Nxe4 37. Bxe4 Bxh3 38. Nd3 Kg7 39. Kf2 h5 40. Ke3
g5 41. Kd4 g4 42. Bf5 Kf6 43. Be6 Kg5 44. Ra8 Bf1 45. Rg8+ Kf6 46. Rh8 g3 47.
Rxh5 g2 48. Rf5+ Kg6 49. Nf4+ Bxf4 50. Rxf4 g1=Q+ 51. Ke4 Bg2+ 52. Kd3 Qd1+ 0-1

[Event "Benidorm 2011 - 10. Torneo sub-2000"]
[Site "Benidorm ESP"]
[Date "2011.12.07"]
[Round "7.14"]
[White "Buenafe Moya, Jesus"]
[Black "Serrano Martinez, Francisco Jose"]
[Result "0-1"]
[WhiteElo "1890"]
[BlackElo "1980"]
[PlyCount "108"]
[EventDate "2011.12.02"]
[EventType "swiss"]
[EventRounds "10"]
[EventCountry "ESP"]
[Source "lmi"]
[SourceDate "2011.12.02"]

1. d4 Nf6 2. Nf3 g6 3. c3 Bg7 4. Bg5 O-O 5. Nbd2 d6 6. e3 c5 7. dxc5 dxc5 8.
Bxf6 Bxf6 9. Ne4 Qb6 10. Qb3 Qc6 11. Nxf6+ Qxf6 12. O-O-O Nc6 13. h4 Be6 14.
Qa3 a6 15. Qxc5 Bxa2 16. Bc4 b6 17. Qd5 Bxc4 18. Qxc4 Na5 19. Qf4 Qxf4 20. exf4
Rfd8 21. Nd4 Rac8 22. Kc2 Nc4 23. h5 e5 24. fxe5 Nxe5 25. hxg6 Nxg6 26. Rh6 Kg7
27. Nf5+ Kf6 28. Nd6 Ra8 29. Ne4+ Kf5 30. Nd6+ Ke6 31. Ne4 Rxd1 32. Kxd1 Rd8+
33. Ke2 Ke5 34. f3 Nf4+ 35. Kf2 Nd3+ 36. Ke3 Nxb2 37. f4+ Kd5 38. Rf6 Re8 39.
Rf5+ Kc4 40. Rxf7 a5 41. Kf3 Rd8 42. Rc7+ Kb3 43. f5 a4 44. Rb7 Nc4 45. Nc5+
Ka3 46. Ne6 Re8 47. Nd4 Kb2 48. f6 a3 49. f7 Rf8 50. Ne6 Rxf7+ 51. Rxf7 Ne5+
52. Ke4 Nxf7 53. Nf4 a2 54. Nd3+ Kb1 0-1

[Event "Benidorm 2011 - 10. Torneo sub-2000"]
[Site "Benidorm ESP"]
[Date "2011.12.07"]
[Round "7.15"]
[White "Haddad Filho, Paulo Ibrahim"]
[Black "Ramon Gualberto, Arturo"]
[Result "1-0"]
[WhiteElo "1972"]
[BlackElo "1919"]
[PlyCount "83"]
[EventDate "2011.12.02"]
[EventType "swiss"]
[EventRounds "10"]
[EventCountry "ESP"]
[Source "lmi"]
[SourceDate "2011.12.02"]

1. d4 Nf6 2. Nf3 g6 3. g3 Bg7 4. c4 d6 5. Bg2 O-O 6. Nc3 c6 7. e4 Bg4 8. Be3
Qa5 9. O-O Qh5 10. Qe2 Nfd7 11. h3 Bxh3 12. Bxh3 Qxh3 13. Ng5 Qh5 14. Qxh5 gxh5
15. f4 Nb6 16. b3 c5 17. Ne2 Nc6 18. Rad1 cxd4 19. Nxd4 Nxd4 20. Bxd4 Bxd4+ 21.
Rxd4 Rac8 22. Kf2 Kg7 23. Rh1 Rc5 24. Nf3 Ra5 25. a4 Nc8 26. f5 a6 27. Rxh5 f6
28. Rd1 e5 29. g4 b5 30. cxb5 axb5 31. Rd5 Rd8 32. g5 Ne7 33. gxf6+ Kxf6 34.
Rxb5 Rxb5 35. axb5 Ng8 36. Rxh7 Rb8 37. Rd7 Rb6 38. Nd2 Rxb5 39. Rxd6+ Ke7 40.
Re6+ Kf7 41. Nc4 Rxb3 42. Nxe5+ 1-0

[Event "Benidorm 2011 - 10. Torneo sub-2000"]
[Site "Benidorm ESP"]
[Date "2011.12.07"]
[Round "7.42"]
[White "Romero Haro, Florentino"]
[Black "Amat Cerda, Andres"]
[Result "1-0"]
[WhiteElo "1893"]
[BlackElo "1732"]
[PlyCount "61"]
[EventDate "2011.12.02"]
[EventType "swiss"]
[EventRounds "10"]
[EventCountry "ESP"]
[Source "lmi"]
[SourceDate "2011.12.02"]

1. e4 Nf6 2. e5 Nd5 3. c4 Nb6 4. d4 d6 5. exd6 cxd6 6. Nc3 g6 7. Be3 Bg7 8. Rc1
Nc6 9. b3 O-O 10. d5 Nb4 11. a3 Na6 12. Be2 Nc5 13. b4 Na6 14. Qd2 Bd7 15. h4
Rc8 16. Bh6 e5 17. Bxg7 Kxg7 18. h5 Nxc4 19. Bxc4 Rxc4 20. hxg6 Rh4 21. Rxh4
Qxh4 22. gxh7 Kxh7 23. Nf3 Qe7 24. Ke2 Kg7 25. Rh1 Qf6 26. Ne4 Qg6 27. Qg5 Bf5
28. Nxd6 Qxg5 29. Nxg5 Kf6 30. Nge4+ Ke7 31. Nxf5+ 1-0

[Event "Benidorm 2011 - 10. Torneo sub-2000"]
[Site "Benidorm ESP"]
[Date "2011.12.07"]
[Round "7.43"]
[White "Pia Iglesias, Jose Maria"]
[Black "Rico Sanchez, Julio"]
[Result "1-0"]
[WhiteElo "1995"]
[BlackElo "1865"]
[PlyCount "46"]
[EventDate "2011.12.02"]
[EventType "swiss"]
[EventRounds "10"]
[EventCountry "ESP"]
[Source "lmi"]
[SourceDate "2011.12.02"]

1. e4 d5 2. exd5 Nf6 3. d4 Nxd5 4. c4 Nf6 5. Nc3 c6 6. Be2 Bf5 7. Nf3 e6 8. O-O
Be7 9. Bf4 h6 10. Ne5 O-O 11. Bf3 Nbd7 12. Qe2 Re8 13. Rfd1 Qb6 14. Rd2 Rad8
15. c5 Qc7 16. b4 Nd5 17. Nxd5 exd5 18. Ng6 Bg5 19. Bxc7 Rxe2 20. Bxd8 Rxd2 21.
Bxg5 Rxd4 22. Be3 Rxb4 23. Ne7+ Kf8 1-0

[Event "Benidorm 2011 - 10. Torneo sub-2000"]
[Site "Benidorm ESP"]
[Date "2011.12.07"]
[Round "7.46"]
[White "Damians Janes, Jordi"]
[Black "Ull Molina, Cristian"]
[Result "1-0"]
[WhiteElo "1982"]
[BlackElo "1863"]
[PlyCount "49"]
[EventDate "2011.12.02"]
[EventType "swiss"]
[EventRounds "10"]
[EventCountry "ESP"]
[Source "lmi"]
[SourceDate "2011.12.02"]

1. e4 e6 2. d4 d5 3. e5 c5 4. c3 Nc6 5. Nf3 Qb6 6. Bd3 Bd7 7. dxc5 Bxc5 8. O-O
f6 9. b4 Be7 10. Re1 fxe5 11. b5 Na5 12. Nxe5 Nf6 13. Bg5 Rf8 14. Nd2 O-O-O 15.
Be3 Bc5 16. Qa4 Bxe3 17. Rxe3 Kb8 18. Nb3 Bc8 19. Rb1 Qc7 20. Nd4 Ka8 21. Re2
h5 22. b6 axb6 23. Reb2 Qxe5 24. Rxb6 Qb8 25. Nc6 1-0